000 00640cam a22002293a 4500
001 22723
003 PGUSA
005 20140828083502.0
008 070922s2007||||xxu|||||s|||||000 p eng d
040 _aPGUSA
_beng
042 _adc
050 4 _aPQ
100 1 _aProença, Raul Sangreman,
_d1884-1941
245 1 0 _aOs Sinos :
_bPoesia Narrativa
_h[electronic resource] /
_cRaul Sangreman Proença
260 _bProject Gutenberg,
_c2007
506 _aPublic domain in the USA.
516 _aElectronic text
653 _aPoetry
830 0 _aProject Gutenberg
_v22723
856 4 0 _uhttp://www.gutenberg.org/ebooks/22723
942 _cEB
999 _c251978
_d251978